000
00221 a2200097 4500
001
39737
100
_a
Gossel Micheal
245
_a
Error detection circuits
260
_a
London
_b
McGraw Hi
_c
1993
090
_c
24747
_d
24747
942
_a
NUST-CAE
_c
M
_c
16388
999
_c
274810
_d
274810